| 000 | 00306 a2200109 4500 | ||
|---|---|---|---|
| 001 | 32343 | ||
| 082 | _a620.106CHE | ||
| 090 |
_c21722 _d21722 |
||
| 100 | _aCheremisinoff, N.P | ||
| 245 |
_aEncyclopedia of fluid mechanics: Flow Phenomena and Measurement _bvol. 1 |
||
| 260 |
_aLondon _bGulf Publishing _c1986 |
||
| 942 |
_aNUST-CAE _k620.106CHE |
||
| 999 |
_c267416 _d267416 |
||